High-throughput comprehensive analysis of human plasma proteins : A step toward population proteomics /
Bewaard in:
| Andere auteurs: | , , , , |
|---|---|
| Formaat: | Artikel |
| Taal: | English |
| Onderwerpen: | |
| Tags: |
Voeg label toe
Geen labels, Wees de eerste die dit record labelt!
|
| Thư viện lưu trữ: | Thư viện Trường Đại học Đà Lạt |
|---|
| LEADER | 01065nam a2200361 4500 | ||
|---|---|---|---|
| 001 | DLU090097877 | ||
| 005 | ##20091201 | ||
| 040 | # | # | |a DLU |b eng |
| 041 | # | # | |a eng |
| 044 | # | # | |a us |
| 245 | # | # | |a High-throughput comprehensive analysis of human plasma proteins : A step toward population proteomics / |c Dobrin Nedelkov ... [et al.]. |
| 653 | # | # | |a Digestion |
| 653 | # | # | |a Immobilization |
| 653 | # | # | |a Mass spectrometry |
| 653 | # | # | |a Peptides |
| 653 | # | # | |a Plasma |
| 653 | # | # | |a Proteomics |
| 653 | # | # | |a Reproducibility |
| 700 | # | # | |a Kiernan, Urban A. |
| 700 | # | # | |a Nedelkov, Dobrin. |
| 700 | # | # | |a Nelson, Randall W. |
| 700 | # | # | |a Niederkofler, Eric E. |
| 700 | # | # | |a Tubbs, Kemmons A. |
| 773 | # | # | |t Analytical Chemistry |g Vol. 76, no. 6 (March 2004), p. 1733-1737 |
| 920 | # | # | |a Phòng Tạp chí -- Trung tâm Thông tin - Thư viện Trường Đại học Đà Lạt |
| 994 | # | # | |a DLU |
| 900 | # | # | |a True |
| 911 | # | # | |a Trương Bảo Trâm Anh |
| 925 | # | # | |a G |
| 926 | # | # | |a A |
| 927 | # | # | |a BB |
| 980 | # | # | |a Thư viện Trường Đại học Đà Lạt |